Festivals of India / (Record no. 48030)

MARC details
000 -LEADER
fixed length control field 00614nam a22001697a 4500
005 - DATE AND TIME OF LATEST TRANSACTION
control field 20100930111455.0
008 - FIXED-LENGTH DATA ELEMENTS--GENERAL INFORMATION
fixed length control field 100930t xxu||||| |||| 00| 0 eng d
020 ## - INTERNATIONAL STANDARD BOOK NUMBER
International Standard Book Number 81-7650-165-4
Terms of availability 225.00
035 ## - SYSTEM CONTROL NUMBER
System control number B-125301
082 ## - DEWEY DECIMAL CLASSIFICATION NUMBER
Classification number 394.26
100 ## - MAIN ENTRY--PERSONAL NAME
Personal name Bhalla, Kartar Singh
9 (RLIN) 22475
245 ## - TITLE STATEMENT
Title Festivals of India /
Statement of responsibility, etc by Kartar Singh Bhalla
260 ## - PUBLICATION, DISTRIBUTION, ETC. (IMPRINT)
Place of publication, distribution, etc New Delhi
Name of publisher, distributor, etc Star Publications
Date of publication, distribution, etc 2005
300 ## - PHYSICAL DESCRIPTION
Extent 39p.
Other physical details 28cm. Hb)
Dimensions illu.
942 ## - ADDED ENTRY ELEMENTS (KOHA)
Source of classification or shelving scheme Dewey Decimal Classification
Item type English Books
Classification part 394.26
Call number suffix BHA
Holdings
Withdrawn status Lost status Source of classification or shelving scheme Damaged status Not for loan Collection code Home library Current library Date acquired Cost, normal purchase price Total Checkouts Full call number Barcode Date last seen Copy number Cost, replacement price Koha item type
    Dewey Decimal Classification   Not For Loan Non-fiction Patel Nagar Patel Nagar 30/09/2010 225.00   394.26 BHA B-125301 30/09/2010 1 225.00 English Books

© Delhi Public Library
Hit Counter
free hit counter